000 00351nam a2200109Ia 4500
008 220204s9999 xx 000 0 und d
082 _a331:631.96(047)
_bREP
245 0 _aReport on employment position in plantations by one man committee
260 _aNew Delhi
_bMinistry of labour and employment
_c1965
650 _aPlantation employment
942 _cBK
999 _c21722
_d21722